00984nam a2200241 i 450000100060000000300090000600500170001500700030003200800410003502000180007608000380009424500710013226000440020330000220024749000920026950400320036160000570039370000340045083000970048485200220058199900170060395201220062012678ES-MaACL20250804223816.0t|920828s1990 sp |||| | spa d a84-7232-549-0 a32(081)Hostos, Eugenio María de00aEugenio María de Hostos / cedición de Ángel López Cantos. aMadrid : bCultura Hispánica, c1990. a187 p. ; c24 cm.1 aAntología del pensamiento político, social y económico de América Latina ; v12 aBibliografía: p. 171-187.17aHostos, Eugenio María de,d1839-19032embne9643021 aLópez Cantos, Angel.97349110aAntología del pensamiento político, social y económico de América Latinav129178008 aES-MaACLjL-20040 c12678d12678 00104070aATENEOMbATENEOMcDEPO2d2008-01-17eSCl0oL-20040p1012915r2023-02-23 00:00:00w2023-02-23yMONOGRAFIA